000 00801nam a22002657a 4500
001 8683
003 FISKH
005 20251010093353.0
008 251010b cb ||||| |||| 00| 0 eng d
020 _a9788956353241
040 _aFISKH
_beng
_cFISKH
_dFISKH
050 _aPR3724 .G7
082 _a823.5
100 _aSwift, Jonathan
_eAuthor
245 _aGulliver's Travels /
_cSeries editors : Ian Bosiak ; Michelle Park
260 _aSeoul :
_be-future ,
_c2009
300 _a18 pages :
_bcolor illustrations ;
_c21 cm
505 _aL
520 _aGulliver swam from a shipwreck and he woke up on a beach with little people.
521 8 _a530
_bLexile estimate
521 8 _aL
_bRaz-Plus
650 _a18th century literature
_vAdventure
942 _2ddc
_cBK
_n0
999 _c8683
_d8683